000 00450nam a2200181Ia 4500
001 14025
005 20260306164844.0
008 260306t2018||||xx |||||||||||||| ||spa||
041 _aESP
082 _a005.82
_bP85
100 _aPreukschat, Alexander
_eAUT
245 0 _aBlockchain:
_bla revolución industrial de Internet
260 _c2018
300 _a287 pƔginas :
_c23 cm.
650 _aGEN
654 _aCCC
942 _cLIB
_dJUS
_fJUS
_2ddc
_n
999 _c14025
_d14025